000 01021nam a22003257a 4500
001 BR0602484
003 BR-BrBNA
005 20230928102148.0
007 ta
008 230509b bl.||||| |||| 00| 0 por d
040 _aBR-BrBNA
_bpor
_cBiblioteca Nacional de Agricultura
041 _a(Por)
072 _aL10
_b5100
_b3580
090 _ 5100 BR0602484
100 1 _aSantos, G.C.J.
110 1 _aUniversidade Federal de Minas Gerais, Belo Horizonte (Brasil). Escola de Veterinária
_0Tese (Mestre em Medicina Veterinária)
245 1 _aCongelabilidade do sêmen eqüino em diferentes diluidores
260 3 _aBelo Horizonte, MG (Brasil):
_c2003.
300 _a50 p.
500 _aSummaries (Eng, Por); Bibliography p. 40-49; 9 illus.; 10 tables
650 _aEQÜINO
650 _aREPRODUÇÃO ANIMAL
650 _aESPERMATOZÓIDE
650 _aSÊMEN
650 _aCONGELAMENTO
650 _aDESCONGELAMENTO
650 _aCRIOPRESERVAÇÃO
909 _a202309
_bLucia
_c55
_dLucia Elande
942 _cBK
999 _c69440
_d69440